| 000 | 00686cam a22002411 4500 | ||
|---|---|---|---|
| 001 | sa 68011449 | ||
| 003 | DLC | ||
| 005 | 20260227112600.0 | ||
| 008 | 940921s1963 ii 000 0 kano | ||
| 010 | _asa 68011449 | ||
| 025 | _aPL480:I-Kan-1192 | ||
| 035 | _a(OCoLC)31150489 | ||
| 040 |
_aDLC _cCU _dCU _dDLC |
||
| 042 | _apremarc | ||
| 050 | 0 | 0 |
_aPL4659.C49 _bD5 |
| 100 | 1 |
_aChandraiah, B. N., _q(Bidaloti Nanjundaradhya), _d1936- |
|
| 245 | 1 | 0 | _aDhṛvasvāmini. |
| 260 | _c[1963?] | ||
| 300 |
_aiv, 61 p. _c19 cm. |
||
| 500 | _aIn Kannada. | ||
| 500 | _aA play based on Jai Shankar Prasad's Dhruvasvāminī. | ||
| 700 | 1 |
_aPrasad, Jai Shankar, _d1889-1937. _tDhruvasvāminī. |
|
| 999 |
_c83900 _d83900 |
||